Citadel (Record no. 51651)

MARC details
000 -LEADER
fixed length control field 00746nas a22002177a 4500
005 - DATE AND TIME OF LATEST TRANSACTION
control field 20110418110011.0
006 - FIXED-LENGTH DATA ELEMENTS--ADDITIONAL MATERIAL CHARACTERISTICS--GENERAL INFORMATION
fixed length control field a|||||r|||||00| 0
007 - PHYSICAL DESCRIPTION FIXED FIELD--GENERAL INFORMATION
fixed length control field ta
008 - FIXED-LENGTH DATA ELEMENTS--GENERAL INFORMATION
fixed length control field 110418c xxu||||| |||| 00| 0 eng d
245 ## - TITLE STATEMENT
Title Citadel
Remainder of title bi-annual newsletter
260 ## - PUBLICATION, DISTRIBUTION, ETC. (IMPRINT)
Place of publication, distribution, etc Delhi:
Name of publisher, distributor, etc Rukmini Devi Institute of Advance Studies,
Date of publication, distribution, etc 2011-
300 ## - PHYSICAL DESCRIPTION
Extent v.
Dimensions 30 cm
310 ## - CURRENT PUBLICATION FREQUENCY
Current publication frequency Bi-annual
362 ## - DATES OF PUBLICATION AND/OR SEQUENTIAL DESIGNATION
Dates of publication and/or sequential designation July-Dec 2010
650 ## - SUBJECT ADDED ENTRY--TOPICAL TERM
9 (RLIN) 27318
700 ## - ADDED ENTRY--PERSONAL NAME
Personal name Mahander Singh, Ed.
9 (RLIN) 27319
856 ## - ELECTRONIC LOCATION AND ACCESS
Uniform Resource Identifier <a href="http://rdias.ac.in/citadel.php">http://rdias.ac.in/citadel.php</a>
270 ## - ADDRESS
Address 2A&2B, Madhuban Chowk, Outer Ringh Road, Phase-I, Rohini
City Delhi
Postal code 110085
Telephone number 27864596, 27867301
Fax number 27867212
Electronic mail address admin@rdias.ac.in
Public note www.rdias.ac.in
942 ## - ADDED ENTRY ELEMENTS (KOHA)
Source of classification or shelving scheme Dewey Decimal Classification
Item type Periodicals
Serial record 1
Holdings
Withdrawn status Lost status Source of classification or shelving scheme Damaged status Not for loan Home library Current library Date acquired Total Checkouts Date last seen Price effective from Koha item type
    Dewey Decimal Classification   Not For Loan D.B.Act.Division D.B.Act.Division 18/04/2011   18/04/2011 18/04/2011 Periodicals

© Delhi Public Library
Hit Counter
free hit counter